| 000 | 00532nam a22001937a 4500 | ||
|---|---|---|---|
| 003 | OSt | ||
| 005 | 20260219050549.0 | ||
| 008 | 260219b |||||||| |||| 00| 0 eng d | ||
| 020 | _a978-971-23-5072-6 | ||
| 040 |
_aDWCL-Main Lib _cOC |
||
| 082 | _aFil. 616.89 B453 2008 | ||
| 100 | _aBeltran, Jane Q. | ||
| 245 | _aAbnormal psychology | ||
| 260 |
_aManila : _b Rex Book Store, _cc2008 |
||
| 300 |
_axvi, 203 p. ; _c22 cm. |
||
| 504 | _a1. Includes references. | ||
| 650 | _aAbnormal psychology. | ||
| 942 |
_2ddc _cBK - FIL _mFil. _n0 |
||
| 999 |
_c8447 _d8447 |
||